|
|
|
|
| LEADER |
00837nam a2200277 4500 |
| 001 |
DLU090065976 |
| 005 |
##20090420 |
| 040 |
# |
# |
|a DLU
|b vie
|
| 041 |
# |
# |
|a vie
|
| 044 |
# |
# |
|a vn
|
| 100 |
# |
# |
|a Lê Duy Đại.
|
| 245 |
# |
# |
|a Dân cư, dân số Tây Nguyên trong sự nghiệp công nghiệp hoá, hiện đại hoá /
|c Lê Duy Đại.
|
| 653 |
# |
# |
|a Phát triển miền núi
|
| 653 |
# |
# |
|a Phát triển nguồn nhân lực
|
| 653 |
# |
# |
|a Phát triển vùng
|
| 653 |
# |
# |
|a Tây Nguyên
|
| 773 |
# |
# |
|t Dân tộc học
|g Số 4(142), 2006, tr. 37-47
|
| 920 |
# |
# |
|a Phòng Tạp chí -- Trung tâm Thông tin - Thư viện Trường Đại học Đà Lạt
|
| 994 |
# |
# |
|a DLU
|
| 900 |
# |
# |
|a True
|
| 911 |
# |
# |
|a Nguyễn Thanh Hương
|
| 925 |
# |
# |
|a G
|
| 926 |
# |
# |
|a A
|
| 927 |
# |
# |
|a BB
|
| 980 |
# |
# |
|a Thư viện Trường Đại học Đà Lạt
|